[Event "Stay Safe Play From Home 205"]
[Site "T#646634Emanuel Laske"]
[Date "2020.06.07"]
[Round "7"]
[White "Mandy"]
[Black "Edmatuag"]
[Result "0-1"]
[WhiteElo "932"]
[BlackElo "1697"]
[Annotator "NA RC"]
[PlyCount "42"]
[EventDate "2020.06.07"]
[EventType "swiss (blitz)"]

1. d4 {[%emt 0:00:04]} d5 {[%emt 0:00:01]} 2. Bf4 {[%emt 0:00:01]} e6 {[%emt 0:00:01]} 3. e3 {[%emt 0:00:01]} Nf6 {[%emt 0:00:00]} 4. Nf3 {[%emt 0:00:01]} c5 {[%emt 0:00:01]} 5. c3 {[%emt 0:00:03]} Nc6 {[%emt 0:00:00]} 6. Nbd2 {[%emt 0:00:01]} Bd6 {[%emt 0:00:01]} 7. Ne5 {[%emt 0:00:04]} O-O {[%emt 0:00:02]} 8. Bd3 {[%emt 0:00:05]} Ne7 {[%emt 0:00:08]} 9. O-O {[%emt 0:00:01]} b6 {[%emt 0:00:04]} 10. e4 {[%emt 0:00:05]} dxe4 {[%emt 0:00:03]} 11. Nxe4 {[%emt 0:00:03]} Bb7 {[%emt 0:00:05]} 12. Nxf6+ {[%emt 0:00:05]} gxf6 {[%emt 0:00:00]} 13. f3 {[%emt 0:00:04]} fxe5 {[%emt 0:00:03]} 14. Bxe5 {[%emt 0:00:04]} Bxe5 {[%emt 0:00:01]} 15. dxe5 {[%emt 0:00:02]} Ng6 {[%emt 0:00:01]} 16. Bc2 {[%emt 0:00:05]} Qxd1 {[%emt 0:00:03]} 17. Raxd1 {[%emt 0:00:03]} Rfd8 {[%emt 0:00:00]} 18. Rxd8+ {[%emt 0:00:02]} Rxd8 {[%emt 0:00:01]} 19. Rd1 {[%emt 0:00:01]} Rxd1+ {[%emt 0:00:01]} 20. Bxd1 {[%emt 0:00:01]} Nxe5 {[%emt 0:00:00]} 21. f4 {[%emt 0:00:02]} Nd3 {[%emt 0:00:02] Zeit (Lag: Av=0.53s, max=0.8s)} 0-1

[Event "Stay Safe Play From Home 205"]
[Site "T#646634Emanuel Laske"]
[Date "2020.06.07"]
[Round "8"]
[White "Mepe_Nika"]
[Black "Haris kollari 13"]
[Result "1-0"]
[WhiteElo "2358"]
[BlackElo "1659"]
[Annotator "NA RC"]
[PlyCount "89"]
[EventDate "2020.06.07"]
[EventType "swiss (blitz)"]

1. d4 {[%emt 0:00:01]} e6 {[%emt 0:00:00]} 2. Bf4 {[%emt 0:00:01]} d5 {[%emt 0:00:00]} 3. e3 {[%emt 0:00:00]} c5 {[%emt 0:00:01]} 4. c3 {[%emt 0:00:01]} Nc6 {[%emt 0:00:01]} 5. Nd2 {[%emt 0:00:00]} f5 {[%emt 0:00:01]} 6. Ngf3 {[%emt 0:00:01]} Nf6 {[%emt 0:00:01]} 7. Bb5 {[%emt 0:00:01]} Bd6 {[%emt 0:00:01]} 8. Bxd6 {[%emt 0:00:02]} Qxd6 {[%emt 0:00:02]} 9. Ne5 {[%emt 0:00:00]} Bd7 {[%emt 0:00:01]} 10. Bxc6 {[%emt 0:00:01]} bxc6 {[%emt 0:00:02]} 11. O-O {[%emt 0:00:01]} cxd4 {[%emt 0:00:01]} 12. exd4 {[%emt 0:00:01]} O-O {[%emt 0:00:01]} 13. Re1 {[%emt 0:00:01]} Ne4 {[%emt 0:00:01]} 14. f3 {[%emt 0:00:01]} Nf6 {[%emt 0:00:02]} 15. b4 {[%emt 0:00:01]} Rac8 {[%emt 0:00:01]} 16. a4 {[%emt 0:00:01]} Rfd8 {[%emt 0:00:02]} 17. a5 {[%emt 0:00:01]} Be8 {[%emt 0:00:01]} 18. Nb3 {[%emt 0:00:01]} Nd7 {[%emt 0:00:04]} 19. Nxd7 {[%emt 0:00:02]} Rxd7 {[%emt 0:00:01]} 20. Nc5 {[%emt 0:00:00]} Re7 {[%emt 0:00:02]} 21. Qe2 {[%emt 0:00:02]} Bf7 {[%emt 0:00:01]} 22. Nd3 {[%emt 0:00:01]} Rb8 {[%emt 0:00:03]} 23. Qe5 {[%emt 0:00:01]} Qc7 {[%emt 0:00:06]} 24. Qxc7 {[%emt 0:00:02]} Rxc7 {[%emt 0:00:01]} 25. Nc5 {[%emt 0:00:00]} Re8 {[%emt 0:00:02]} 26. Re5 {[%emt 0:00:01]} Rce7 {[%emt 0:00:02]} 27. Rae1 {[%emt 0:00:01]} g6 {[%emt 0:00:00]} 28. Kf2 {[%emt 0:00:01]} Kg7 {[%emt 0:00:01]} 29. f4 {[%emt 0:00:00]} Kf6 {[%emt 0:00:01]} 30. g3 {[%emt 0:00:01]} h6 {[%emt 0:00:01]} 31. h4 {[%emt 0:00:02]} g5 {[%emt 0:00:01]} 32. Nd3 {[%emt 0:00:01]} gxh4 {[%emt 0:00:02]} 33. gxh4 {[%emt 0:00:01]} Rg8 {[%emt 0:00:01]} 34. Rg1 {[%emt 0:00:01]} Rg4 {[%emt 0:00:03]} 35. Rxg4 {[%emt 0:00:02]} fxg4 {[%emt 0:00:01]} 36. Kg3 {[%emt 0:00:01]} h5 {[%emt 0:00:01]} 37. Nc5 {[%emt 0:00:05]} Be8 {[%emt 0:00:01]} 38. a6 {[%emt 0:00:01]} Bf7 {[%emt 0:00:02]} 39. Nb7 {[%emt 0:00:01]} Be8 {[%emt 0:00:01]} 40. Nd6 {[%emt 0:00:01]} Bd7 {[%emt 0:00:01]} 41. Nb7 {[%emt 0:00:02]} Re8 {[%emt 0:00:01]} 42. Nc5 {[%emt 0:00:01]} Bc8 {[%emt 0:00:02]} 43. f5 {[%emt 0:00:02]} Re7 {[%emt 0:00:02]} 44. fxe6 {[%emt 0:00:03]} Bxe6 {[%emt 0:00:01]} 45. Rxh5 {[%emt 0:00:02] Time (Lag: Av=0.41s, max=0.5s) '} 1-0

[Event "Stay Safe Play From Home 205"]
[Site "T#646634Emanuel Laske"]
[Date "2020.06.07"]
[Round "8"]
[White "Rogan"]
[Black "SoulofWolf"]
[Result "0-1"]
[WhiteElo "2150"]
[BlackElo "2178"]
[Annotator "TA"]
[PlyCount "132"]
[EventDate "2020.06.07"]
[EventType "swiss (blitz)"]

{[%evp 9,132,11,31,10,12,-26,-20,-27,-26,-25,-25,-47,-5,-5,-8,-26,15,-26,-29,-69,6,8,9,-283,37,60,102,107,139,88,218,68,155,118,131,59,313,288,283,155,139,44,484,248,243,238,354,317,391,233,412,415,406,342,362,345,427,279,785,512,506,495,490,477,638,595,504,-131,-100,-733,291,0,0,0,7,23,774,302,967,918,29987,441,12837,452,29986,721,12840,12840,12840,12840,29982,12843,12842,0,397,0,29976,12840,29978,12841,29982,29983,29981,12846,12845,0,177,0,196,-15,197,0,0,-12850,-29978,-12851,0,-12851,-29965,-12851,0,-12851,-12851,-12851,12851]} 1. d4 e6 2. c3 c5 3. Nf3 d6 4. Bg5 Nf6 {[#]} 5. e3 $146 ({Predecessor:} 5. dxc5 dxc5 6. Qxd8+ Kxd8 7. Nbd2 Nbd7 8. a4 Be7 9. Nc4 Nd5 10. e4 Nc7 11. Be3 f6 12. Be2 {0-1 (45) Phil,I (2092)-Andronov,M (2120) Petrozavodsk 2012}) 5... Be7 6. Bd3 {A43: Schmid Benoni.} b6 7. Qc2 Bb7 8. Nbd2 {The position is equal.} h6 9. Bxf6 Bxf6 10. Be4 Qc7 (10... d5 $5 {[%cal Rd5e4]} 11. Bd3 O-O $15) 11. Bxb7 Qxb7 12. Qe4 Nc6 (12... d5 $5 {[%cal Rd5e4]} 13. Qf4 Nc6 $11) 13. dxc5 (13. d5 $5 {[%cal Rd5c6]} Nd8 14. O-O-O $11) 13... bxc5 14. Nc4 d5 (14... Ke7 $15 15. Qf4 Rhd8) 15. Nd6+ $11 Ke7 $132 {[%mdl 2048] Black is fighting back} 16. Qxd5 $2 {[%mdl 8192]} (16. Nxb7 $11 dxe4 17. Nd2) 16... exd5 $2 (16... Qxb2 $19 17. Nf5+ Kf8 18. Qxc5+ Ne7) 17. Nxb7 $14 c4 18. Nc5 a5 19. Nd4 (19. O-O-O $142) 19... Ne5 (19... Kd6 $16) 20. O-O (20. Nf5+ $18 Kf8 21. f4 Nd3+ 22. Nxd3 cxd3 23. O-O-O) 20... a4 (20... Kd6 $14 21. Na4 Nd3) 21. b3 Rhc8 22. b4 ({White should try} 22. Nxa4 $16 {And now Nb6 would win.} Ra6 23. Nc2) 22... g5 $2 {[%mdl 8192]} (22... Nd3 $1 $14) 23. Nf5+ $18 Kd8 {intending ...Nd3.} 24. f4 (24. Nxh6 Nd3 $16) (24. Rad1 $18 Rxc5 25. bxc5) 24... gxf4 25. exf4 (25. Rfd1 $16 Rxc5 26. bxc5) 25... Ng4 $2 {[%mdl 8192]} (25... Nd3 $14) 26. h3 (26. Rad1 $142) 26... Bxc3 27. hxg4 Bxa1 (27... Bxb4 $142 28. Nb7+ Kc7) 28. Rxa1 Kc7 29. Ne7 (29. Nxh6 $142 Rf8 30. Rd1) 29... Re8 $2 (29... Rd8 30. Nf5 d4) 30. Nxd5+ Kc6 31. Nf6 Re2 32. Rd1 Kb5 33. a3 Rae8 $2 (33... Ra2 34. Rd5 c3) 34. Nd5 Re1+ 35. Rxe1 Rxe1+ 36. Kf2 Ra1 37. Nc3+ Kc6 38. N3xa4 $2 (38. N5xa4 $18 {Ke3 is the strong threat.} Rxa3 39. b5+ Kc7 40. Ke3) 38... Rxa3 $17 39. g3 $2 {[%mdl 8192]} (39. Nb2 $17 Ra2 40. Nca4) 39... Ra2+ $4 {[%mdl 8192] [#]} (39... Kb5 $19 40. Nb2 Kxb4 41. Nxc4 Kxc4) 40. Kf3 $2 (40. Ke3 $1 $18) 40... Ra3+ $11 41. Ke4 c3 42. Kd3 h5 $2 {[%mdl 8192]} (42... c2+ $11 43. Kxc2 Rxg3) 43. Kc2 $2 (43. Nxc3 hxg4 44. Kc4) 43... hxg4 $2 (43... Kb5 44. Nxc3+ (44. gxh5 Kxb4 45. g4 Ra2+ 46. Kd3 Rg2 $11) 44... Kxb4 45. Nd3+ Kc4 46. Ne5+ Kb4) 44. Nxc3 $18 Ra2+ 45. Kd3 (45. Nxa2 $142 Kc7 46. Nc3 f6 47. Kd3 f5 48. Kc4 Kd8 49. b5 Kc7 50. Nd5+ Kd8 51. b6) 45... Ra7 (45... Rg2 $142 46. Ne2 Kb5) 46. N3e4 (46. Kc4 $142 Ra1 47. b5+ Kc7 48. Nd5+ Kd6 49. Ne4+ Kd7 50. Nc5+ Kd6 51. Ne4+ Kd7 52. Nef6+ Kc8 53. Nxg4) 46... Rd7+ (46... Ra1 $18 47. Kd4 f5 48. b5+ {[%mdl 64] Deflection, Decoy} Kxb5 49. Nd6+ {[%mdl 64] Double Attack} Kb6 50. Nxf5 Rd1+ 51. Nd3 Kc7) 47. Kc4 (47. Nxd7 $142 Kxd7 48. f5 Kc7 49. Kc4 Kc6 50. b5+ Kb6 51. f6 Kc7 52. Kc5) 47... Re7 48. b5+ Kc7 49. Nf6 {White threatens Nd5+ and mate.} Kc8 50. Nd5 (50. b6 $142 Re1 51. Kb5 Re7 52. Nd5 Re1 53. Kc6 Rc1 54. Nf6 Kd8 55. Nfd7) 50... Re1 51. Ne7+ $2 ({Better is} 51. b6 $18 {Strongly threatening Kb5.} f5 52. Kb5 Rb1+ 53. Kc6) 51... Kd8 $2 {[%mdl 8192]} (51... Rxe7 $11 52. Kd4 Re1) 52. Kd5 $2 (52. Nf5 $18) 52... Ke8 $2 {[%mdl 8192]} (52... Rxe7 $11 53. b6 Re1) 53. Kc6 (53. Nf5 $142 Rd1+ 54. Kc6 Rh1 55. b6 Rd1 56. Nd6+ Kd8 57. b7 Rb1 58. Nb5) 53... Kf8 54. b6 (54. Nf5 $142 Rb1 55. b6 Kg8 56. b7 Kh7 57. Nd6 Rxb7 58. Kxb7 f6 59. Nd7) 54... Rc1 55. b7 Rb1 {[#]} 56. b8=Q+ $1 Rxb8 57. Kd6 $2 (57. Nd7+ $18 Kxe7 58. Nxb8) 57... Re8 $2 (57... Rd8+ $11 {and Black is okay.} 58. Nd7+ Ke8) 58. Ke5 $2 (58. Nf5 $18 {Black must now prevent Nd7+.} f6 59. Kd7) 58... Rd8 $2 ({Resist} 58... Rxe7+ 59. Kf5 $17) (58... Kxe7 $11 59. Ne4 Rb8) 59. Kf5 $2 ({White should play} 59. Nd5 $18) 59... Re8 $2 (59... Kxe7 $11 {and Black stays safe.} 60. Kxg4 Rd5) 60. Kxg4 $2 (60. Nc6 $18) 60... Rxe7 61. Ne6+ $2 {[%mdl 8192]} (61. f5 $11) 61... Rxe6 {KR-KPP} 62. f5 Rg6+ 63. Kf4 $2 {[%mdl 8192]} (63. fxg6 $11 fxg6 64. Kg5) 63... Rh6 64. g4 Re6 65. g5 $2 {[%mdl 8192]} (65. fxe6 $11 fxe6 66. g5) 65... Rd6 66. Ke5 Rd4 $4 {[%mdl 40960] Never resign too early! Accuracy: White = 22%, Black = 21%. . Loss on time!?} (66... Ke7 $19 67. Kf4 Rd1) 0-1

[Event "Stay Safe Play From Home 205"]
[Site "T#646634Emanuel Laske"]
[Date "2020.06.07"]
[Round "8"]
[White "Lazieri3"]
[Black "EL sanbary"]
[Result "0-1"]
[WhiteElo "2028"]
[BlackElo "1899"]
[Annotator "TA"]
[PlyCount "108"]
[EventDate "2020.06.07"]
[EventType "swiss (blitz)"]

{[%evp 9,108,-12,-16,-27,-16,-35,-5,-15,8,-7,6,10,16,-11,14,-18,2,-50,-26,-70,-75,-60,-60,-72,-40,-58,-50,-82,-86,-101,-79,-229,-160,-172,-173,-335,-333,-340,-339,-352,-343,-380,-380,-379,-378,-396,-364,-487,-480,-656,-659,-627,-638,-599,-584,-1009,-993,-823,-748,-808,-796,-1487,-1599,-1952,-1864,-1556,-1504,-7316,-6625,-2655,-2706,-2584,-2597,-2041,5453,5093,5732,5728,5695,5694,5661,5637,5575,5106,5057,0,4710,0,5314,2,2,0,0,0,0,-29987,-29986,-29986,-29987,-29992,-29993]} 1. e4 c5 2. Nc3 g6 3. d3 Bg7 4. Nf3 Nc6 5. Be3 d6 6. Qd2 {B30: Sicilian: 2...Nc6 3 Bb5, lines without ...g6.} e5 7. Nd5 Be6 {[#]} 8. c4 $146 {The position is equal.} ({Predecessor:} 8. O-O-O Bxd5 9. exd5 Nb4 10. a3 Nxd5 11. c4 Nxe3 12. fxe3 Ne7 13. g4 O-O 14. h4 {0-1 (27) Klimus,V-Pecina,M Morava 1994}) 8... Qd7 9. Be2 Nd4 10. Bd1 Ne7 11. Bh6 O-O 12. Bxg7 Kxg7 13. Ne3 (13. Nxd4 $11 exd4 14. O-O) 13... Nec6 14. h3 Nxf3+ 15. Bxf3 Nd4 $36 {[%mdl 2048] Black has the initiative.} 16. Bd1 f5 17. exf5 Bxf5 18. Nxf5+ Qxf5 ({Don't play} 18... Rxf5 $6 19. Bg4 $14) 19. Bg4 Qf6 20. Rf1 (20. Bd1 $17) 20... Rf7 21. O-O-O Raf8 22. Bf3 $2 (22. Rde1 {was called for.}) 22... Nxf3 $19 23. gxf3 Qxf3 24. Rde1 Qf4 25. Qxf4 Rxf4 {[%mdl 4096] Endgame KRR-KRR} ({Not} 25... exf4 26. Rg1 $17) 26. Re2 Rf3 27. Kd2 Rxh3 28. a3 Rff3 29. Re3 Rxe3 30. fxe3 {KR-KR} Rh2+ 31. Kc3 Re2 32. e4 g5 33. b4 h6 34. bxc5 dxc5 35. Rf5 g4 36. Rxe5 g3 37. Re7+ Kf6 38. Re8 g2 39. Rg8 h5 40. d4 cxd4+ 41. Kd3 h4 $4 {[%mdl 8192]} (41... Ra2 $19 42. Kxd4 h4) 42. Kxe2 $18 {KR-KP} h3 43. Kf2 Ke5 44. Re8+ Kf4 45. Kg1 Kg3 46. Rg8+ Kf4 47. Re8 Kg3 $1 {[%csl Gg3][%cal Rh3h2] [#]} 48. Rg8+ $2 (48. Rh8 $1 $18 d3 49. e5) 48... Kf3 $2 {[%mdl 8192]} (48... Kf4 $11) 49. Rf8+ $2 (49. e5 $18 {Threatens to win with e6.} d3 50. e6) 49... Kxe4 $11 50. Kh2 d3 51. c5 d2 52. Re8+ $2 {[%mdl 8192] [#]} (52. Rd8 $11 Ke3 53. Rd6) 52... Kf3 {Black mates.} 53. Rd8 Ke2 54. Rxd2+ Kxd2 {What a bad dream for White. Accuracy: White = 43%, Black = 80%.} 0-1

[Event "Stay Safe Play From Home 205"]
[Site "T#646634Emanuel Laske"]
[Date "2020.06.07"]
[Round "8"]
[White "Sfantul321"]
[Black "Möwe"]
[Result "1-0"]
[WhiteElo "2006"]
[BlackElo "1470"]
[Annotator "NA RC"]
[PlyCount "61"]
[EventDate "2020.06.07"]
[EventType "swiss (blitz)"]

1. c4 {[%emt 0:00:00]} c5 {[%emt 0:00:02]} 2. Nc3 {[%emt 0:00:00]} Nc6 {[%emt 0:00:01]} 3. g3 {[%emt 0:00:00]} e6 {[%emt 0:00:00]} 4. Bg2 {[%emt 0:00:01]} Nf6 {[%emt 0:00:01]} 5. e4 {[%emt 0:00:00]} d5 {[%emt 0:00:00]} 6. cxd5 {[%emt 0:00:01]} exd5 {[%emt 0:00:01]} 7. exd5 {[%emt 0:00:00]} Nd4 {[%emt 0:00:01]} 8. d3 {[%emt 0:00:01]} Bd6 {[%emt 0:00:01]} 9. Bg5 {[%emt 0:00:01]} Qe7+ {[%emt 0:00:02]} 10. Nge2 {[%emt 0:00:02]} O-O {[%emt 0:00:01]} 11. Bxf6 {[%emt 0:00:01]} gxf6 {[%emt 0:00:04]} 12. O-O {[%emt 0:00:01]} Bg4 {[%emt 0:00:03]} 13. f3 {[%emt 0:00:01]} Bf5 {[%emt 0:00:04]} 14. Ne4 {[%emt 0:00:02]} Bxe4 {[%emt 0:00:02]} 15. dxe4 {[%emt 0:00:01]} Qe5 {[%emt 0:00:04]} 16. Kh1 {[%emt 0:00:02]} Nxe2 {[%emt 0:00:02]} 17. Qxe2 {[%emt 0:00:01]} Rfe8 {[%emt 0:00:01]} 18. Qd3 {[%emt 0:00:01]} Qd4 {[%emt 0:00:01]} 19. Qb3 {[%emt 0:00:02]} c4 {[%emt 0:00:01]} 20. Qc2 {[%emt 0:00:02]} b5 {[%emt 0:00:02]} 21. Rad1 {[%emt 0:00:01]} Qc5 {[%emt 0:00:01]} 22. f4 {[%emt 0:00:01]} Rac8 {[%emt 0:00:03]} 23. Rfe1 {[%emt 0:00:01]} b4 {[%emt 0:00:01]} 24. h3 {[%emt 0:00:02]} b3 {[%emt 0:00:01]} 25. axb3 {[%emt 0:00:01]} cxb3 {[%emt 0:00:01]} 26. Qxb3 {[%emt 0:00:00]} Rb8 {[%emt 0:00:01]} 27. Qa2 {[%emt 0:00:02]} Qf2 {[%emt 0:00:02]} 28. Rb1 {[%emt 0:00:06]} Bb4 {[%emt 0:00:06]} 29. Rf1 {[%emt 0:00:05]} Qd2 {[%emt 0:00:03]} 30. Qxa7 {[%emt 0:00:03]} Bd6 {[%emt 0:00:08]} 31. Qf2 {[%emt 0:00:01] Zeit (Lag: Av=0.37s, max=0.6s)} 1-0

[Event "Stay Safe Play From Home 205"]
[Site "T#646634Emanuel Laske"]
[Date "2020.06.07"]
[Round "8"]
[White "Haxhi Baha"]
[Black "Fischer_11"]
[Result "1-0"]
[WhiteElo "1994"]
[BlackElo "2055"]
[Annotator "NA RC"]
[PlyCount "67"]
[EventDate "2020.06.07"]
[EventType "swiss (blitz)"]

1. e4 {[%emt 0:00:01]} Nf6 {[%emt 0:00:01]} 2. e5 {[%emt 0:00:01]} Nd5 {[%emt 0:00:01]} 3. c4 {[%emt 0:00:00]} Nb6 {[%emt 0:00:01]} 4. d4 {[%emt 0:00:00]} d6 {[%emt 0:00:00]} 5. exd6 {[%emt 0:00:00]} cxd6 {[%emt 0:00:00]} 6. Nc3 {[%emt 0:00:00]} g6 {[%emt 0:00:01]} 7. h3 {[%emt 0:00:01]} Bg7 {[%emt 0:00:00]} 8. Nf3 {[%emt 0:00:00]} O-O {[%emt 0:00:00]} 9. Bd3 {[%emt 0:00:01]} Nc6 {[%emt 0:00:00]} 10. d5 {[%emt 0:00:01]} Ne5 {[%emt 0:00:01]} 11. Nxe5 {[%emt 0:00:00]} dxe5 {[%emt 0:00:00]} 12. O-O {[%emt 0:00:00]} e6 {[%emt 0:00:00]} 13. d6 {[%emt 0:00:02]} Qxd6 {[%emt 0:00:02]} 14. Be3 {[%emt 0:00:01]} Rd8 {[%emt 0:00:01]} 15. c5 {[%emt 0:00:04]} Qxd3 {[%emt 0:00:03]} 16. cxb6 {[%emt 0:00:01]} Qxd1 {[%emt 0:00:03]} 17. Rfxd1 {[%emt 0:00:01]} Bd7 {[%emt 0:00:02]} 18. bxa7 {[%emt 0:00:01]} Bc6 {[%emt 0:00:01]} 19. Rxd8+ {[%emt 0:00:01]} Rxd8 {[%emt 0:00:02]} 20. b4 {[%emt 0:00:00]} f5 {[%emt 0:00:02]} 21. b5 {[%emt 0:00:01]} Bd5 {[%emt 0:00:01]} 22. Rd1 {[%emt 0:00:03]} f4 {[%emt 0:00:01]} 23. Bb6 {[%emt 0:00:01]} Rc8 {[%emt 0:00:03]} 24. Nxd5 {[%emt 0:00:01]} exd5 {[%emt 0:00:00]} 25. Rxd5 {[%emt 0:00:01]} Bf6 {[%emt 0:00:04]} 26. Rd7 {[%emt 0:00:03]} e4 {[%emt 0:00:01]} 27. Rxb7 {[%emt 0:00:01]} Be5 {[%emt 0:00:01]} 28. Bc7 {[%emt 0:00:03]} Bxc7 {[%emt 0:00:06]} 29. Rxc7 {[%emt 0:00:01]} Rxc7 {[%emt 0:00:00]} 30. a8=Q+ {[%emt 0:00:02]} Kf7 {[%emt 0:00:00]} 31. Qxe4 {[%emt 0:00:01]} g5 {[%emt 0:00:02]} 32. Qd5+ {[%emt 0:00:01]} Ke7 {[%emt 0:00:01]} 33. Qxg5+ {[%emt 0:00:01]} Kd6 {[%emt 0:00:00]} 34. Qxf4+ {[%emt 0:00:01] Fischer_11 gibt auf (Lag: Av=0.55s, max=0.8s)} 1-0

[Event "Stay Safe Play From Home 205"]
[Site "T#646634Emanuel Laske"]
[Date "2020.06.07"]
[Round "8"]
[White "NeatFox"]
[Black "Mandy"]
[Result "1-0"]
[WhiteElo "1790"]
[BlackElo "931"]
[Annotator "NA RC"]
[PlyCount "21"]
[EventDate "2020.06.07"]
[EventType "swiss (blitz)"]

1. g4 {[%emt 0:00:01]} Nf6 {[%emt 0:00:03]} 2. Bg2 {[%emt 0:00:00]} g6 {[%emt 0:00:01]} 3. g5 {[%emt 0:00:00]} Ng8 {[%emt 0:00:04]} 4. c4 {[%emt 0:00:01]} c6 {[%emt 0:00:03]} 5. Qb3 {[%emt 0:00:00]} d6 {[%emt 0:00:04]} 6. Qc3 {[%emt 0:00:01]} Bf5 {[%emt 0:00:12]} 7. Qxh8 {[%emt 0:00:02]} Bxb1 {[%emt 0:00:02]} 8. Rxb1 {[%emt 0:00:02]} Bg7 {[%emt 0:00:01]} 9. Qxg8+ {[%emt 0:00:02]} Kd7 {[%emt 0:00:03]} 10. Qxg7 {[%emt 0:00:01]} Na6 {[%emt 0:00:03]} 11. Qxf7 {[%emt 0:00:01] Mandy gibt auf (Lag: Av=0.40s, max=0.5s)} 1-0

[Event "Stay Safe Play From Home 205"]
[Site "T#646634Emanuel Laske"]
[Date "2020.06.07"]
[Round "8"]
[White "Edmatuag"]
[Black "Trotsky"]
[Result "0-1"]
[WhiteElo "1698"]
[BlackElo "1563"]
[Annotator "NA RC"]
[PlyCount "60"]
[EventDate "2020.06.07"]
[EventType "swiss (blitz)"]

1. e4 {[%emt 0:00:01]} c5 {[%emt 0:00:01]} 2. d3 {[%emt 0:00:02]} e6 {[%emt 0:00:01]} 3. g3 {[%emt 0:00:01]} d5 {[%emt 0:00:01]} 4. Bg2 {[%emt 0:00:01]} Nc6 {[%emt 0:00:01]} 5. Be3 {[%emt 0:00:02]} d4 {[%emt 0:00:01]} 6. Bf4 {[%emt 0:00:04]} Bd6 {[%emt 0:00:01]} 7. Bxd6 {[%emt 0:00:02]} Qxd6 {[%emt 0:00:01]} 8. f4 {[%emt 0:00:01]} Bd7 {[%emt 0:00:01]} 9. Nd2 {[%emt 0:00:02]} O-O-O {[%emt 0:00:01]} 10. Nc4 {[%emt 0:00:01]} Qc7 {[%emt 0:00:01]} 11. e5 {[%emt 0:00:01]} f6 {[%emt 0:00:01]} 12. Nd6+ {[%emt 0:00:02]} Kb8 {[%emt 0:00:01]} 13. Nf7 {[%emt 0:00:01]} h5 {[%emt 0:00:03]} 14. Nxh8 {[%emt 0:00:02]} Nh6 {[%emt 0:00:01]} 15. Ng6 {[%emt 0:00:01]} fxe5 {[%emt 0:00:02]} 16. Nxe5 {[%emt 0:00:01]} Nxe5 {[%emt 0:00:01]} 17. fxe5 {[%emt 0:00:01]} Qxe5+ {[%emt 0:00:01]} 18. Qe2 {[%emt 0:00:01]} Qd6 {[%emt 0:00:02]} 19. Nf3 {[%emt 0:00:02]} Ng4 {[%emt 0:00:02]} 20. O-O-O {[%emt 0:00:05]} Qc7 {[%emt 0:00:02]} 21. Kb1 {[%emt 0:00:04]} Rc8 {[%emt 0:00:01]} 22. Rhe1 {[%emt 0:00:04]} Qa5 {[%emt 0:00:02]} 23. Ne5 {[%emt 0:00:03]} Ne3 {[%emt 0:00:08]} 24. Nc4 {[%emt 0:00:04]} Nxc4 {[%emt 0:00:03]} 25. dxc4 {[%emt 0:00:01]} b5 {[%emt 0:00:01]} 26. Qe4 {[%emt 0:00:05]} Bc6 {[%emt 0:00:03]} 27. Qe5+ {[%emt 0:00:01]} Kb7 {[%emt 0:00:05]} 28. Bxc6+ {[%emt 0:00:00]} Rxc6 {[%emt 0:00:01]} 29. Qxg7+ {[%emt 0:00:01]} Kb6 {[%emt 0:00:01]} 30. cxb5 {[%emt 0:00:01]} Qxb5 {[%emt 0:00:02] Time (Lag: Av=0.39s, max=0.6s)} 0-1

[Event "Stay Safe Play From Home 205"]
[Site "T#646634Emanuel Laske"]
[Date "2020.06.07"]
[Round "9"]
[White "SoulofWolf"]
[Black "Cubail"]
[Result "1-0"]
[WhiteElo "2193"]
[BlackElo "1367"]
[Annotator "TA"]
[PlyCount "49"]
[EventDate "2020.06.07"]
[EventType "swiss (blitz)"]

{[%evp 9,49,19,16,16,25,-4,54,23,28,39,69,62,110,110,123,31,125,37,87,100,156,118,134,131,156,158,610,153,184,204,227,51,145,-10,479,472,509,493,501,503,485,487]} 1. Nf3 f5 2. c4 Nf6 3. e3 e6 4. g3 c6 5. Bg2 d5 6. O-O {[#] A10: English Opening: Unusual Replies for Black.} dxc4 $146 ({Predecessor:} 6... Bd6 7. b3 e5 8. Bb2 Qe7 9. Nc3 O-O 10. cxd5 Nxd5 11. d3 Nxc3 12. Bxc3 Nd7 {0-1 (59) Drljevic,L (2188)-Eric,J (2205) Kragujevac 2019}) 7. a4 (7. Ne5 {with more complications.} Qc7 8. f4 Nbd7 9. Nxc4 b5 10. Ne5) 7... Bd7 (7... Nbd7 $11) 8. Na3 {White is slightly better.} Bxa3 $1 9. Rxa3 O-O 10. Qc2 a6 11. Qxc4 b5 12. Qa2 (12. Qc5 $16) 12... Nd5 (12... b4 $1 $14 13. Rd3 Qe7) 13. Qb3 (13. axb5 $16 cxb5 14. Nd4) 13... b4 14. Ra1 a5 ({Better is} 14... c5) 15. Re1 Na6 16. Ne5 Nc5 17. Qc2 b3 $2 (17... Nb7 $16 18. d3 (18. Nxc6 Qf6 $11) 18... Qc7) 18. Qd1 $2 (18. Qxc5 $18 {is the precise move to win.} Nf6 19. d4) 18... Qf6 19. d4 {[#] Threatens to win with f4.} Bc8 20. g4 $2 (20. Nxc6 $18 Ra6 21. Bxd5 (21. dxc5 Rxc6 22. Qxb3 Rxc5 $18) 21... exd5 22. Nxa5 (22. dxc5 Qxc6 23. Qxb3 Qxc5 $16)) 20... Ne4 ({Black should try} 20... Nd7 $1 $14) 21. Rf1 $2 ({And not} 21. Nxc6 Qh4 $17) ({White should play} 21. f3 $16 Ng5 22. f4 (22. Qxb3 Nxf3+ 23. Bxf3 fxg4 $11)) 21... fxg4 $2 {[%mdl 8192]} (21... Ba6 $11) 22. Bxe4 $18 {White is clearly winning.} Qh4 {Now ...g3 and Black clings on.} 23. Qxg4 Qxg4+ 24. Nxg4 Ba6 25. Re1 {Accuracy: White = 31%, Black = 22%.} 1-0